| 000 | 00477nam a2200181Ia 4500 | ||
|---|---|---|---|
| 001 | 13247 | ||
| 005 | 20260306163039.0 | ||
| 008 | 260306t2016||||xx |||||||||||||| ||spa|| | ||
| 041 | _aESP | ||
| 082 |
_a001.42 _bG63 |
||
| 100 |
_aGómez Mendoza, Miguel Ángel _eAUT |
||
| 245 | 0 | _aCómo dirigir trabajos de grado, tesis de maestría y doctorado | |
| 260 | _c2016 | ||
| 300 |
_axxiv, 164 páginas : _c24 cm. |
||
| 650 | _aGEN | ||
| 654 | _aCHU | ||
| 942 |
_cLIB _dJUS _fJUS _2ddc _n |
||
| 999 |
_c13247 _d13247 |
||